000 00485nam a22001817a 4500
003 CEME
005 20210628203549.0
008 210316b xxu||||| |||| 00| 0 eng d
020 _a0-07-069526-1
040 _c.
082 _a620.0068 WHE'C
100 _aWheeler, Thomas F
_966282
245 _aComputers and engineering management
260 _aNEW YORK
_bMCGRAW HILL
_c1990
300 _aXII,369 P
650 _aENGINEERING MANAGEMENT DATA PROCESSING
_966283
942 _cBK
_2ddc
999 _c574266
_d574266